000 00572nam a2200229Ia 4500
003 OSt
005 20220918221342.0
006 a|||||r|||| 00| 0
007 ta
008 220917b |||||||| |||| 00| 0 eng d
024 _a149,484
037 _cTextual
040 _aARTS
_cARTS
_beng
041 _2eng
_aeng
082 _aT1-6, J6
100 _aAbraham Willard
_9140192
245 0 _aGuide for the study of exceptional children
260 _c1956
650 _aEDUCATION
942 _hT1-6, J6
_cTEXL
_2CC
999 _c272150
_d272150